Sports Quiz

Random Sports or World Quiz

World Series Sweeps Quiz Stats

Quiz Updated Oct 29, 2012

Challenge
Share
Tweet
Embed
Score 0/21 Timer 03:00
1 Play Today
Year Sweeper % Correct
2012San Francisco Giants
91.3%
1999New York Yankees
87.8%
2004Boston Red Sox
86.8%
1998New York Yankees
86.4%
2007Boston Red Sox
85.7%
2005Chicago White Sox
79.7%
1989Oakland Athletics
74.4%
1932New York Yankees
73.5%
1950New York Yankees
73.2%
1939New York Yankees
73%
1938New York Yankees
72.9%
Year Sweeper % Correct
1927New York Yankees
71.7%
1928New York Yankees
71.4%
1990Cincinnati Reds
70.7%
1976Cincinnati Reds
66.5%
1907*Chicago Cubs
63%
1963Los Angeles Dodgers
62.5%
1954New York Giants
59.2%
1966Baltimore Orioles
50.3%
1922*New York Giants
47.9%
1914Boston Braves
36.4%

You're not logged in!

Compare scores with friends on all Sporcle quizzes.
Sign Up with Email
OR
Log In

You Might Also Like...

Show Comments

Extras

Top Quizzes Today


Score Distribution

Your Account Isn't Verified!

In order to create a playlist on Sporcle, you need to verify the email address you used during registration. Go to your Sporcle Settings to finish the process.